College Quizbowl Stats
College Quizbowl Stats
Circuits
Seasons
Sets
Records
Detailed Stats
About
Loading...
Northern California
Tossups
Bonuses
Players
Teams
Categories (Tossup)
Categories (Bonus)
David Yuan
UC Berkeley A
Categories
Category
Powers
Gets
Negs
BBs
Points
Earliest Buzz
Avg. Buzz
First Buzzes
Top 3 Buzzes
BPA
PVF
Science - Chemistry
0
2
0
0
20
51
76.00
0
2
0.00
0.00
Science - Physics
0
2
1
0
15
47
53.00
0
2
0.00
0.00
Science - Biology
0
1
0
1
10
87
87.00
0
0
0.00
0.00
Science - Other
0
1
0
0
10
57
57.00
0
1
0.00
0.00
Buzzes
Category
Answer
Value
Buzz Position
Science - Physics
interferometers
10
47
Science - Chemistry
activation energy
10
51
Science - Physics
electric field
-5
52
Science - Other
seawater
10
57
Science - Physics
fusion reactors
10
59
Science - Biology
gills
10
87
Science - Chemistry
elimination reactions
10
101
Previous
1
Next